| 000 | 00685nam a22002057a 4500 | ||
|---|---|---|---|
| 005 | 20170314164610.0 | ||
| 010 | _aENG-117480 | ||
| 020 |
_a9788124118887 _c695.00 |
||
| 035 | _aEN-101012 | ||
| 037 | _bDBAD/PUB | ||
| 082 | _a324.9540532 | ||
| 100 | _aYogesh Atal | ||
| 245 |
_aRight turn in Indian polity : _cby Yogesh Atal [and] Sunil K. Chaudhary _bModi on BJP's chariot / |
||
| 260 |
_aNew Delhi _bHar-Anand Publications _c2015 |
||
| 270 |
_aE-49/3,okhla Industrial Area,Phase-II _bNew Delhi _e110020 |
||
| 300 |
_a248p.. _b22cm(pbk) |
||
| 500 | _aIncluded bibliographical references | ||
| 700 | _aChaudhary, Sunil K. | ||
| 942 |
_2ddc _cEN _h324.9540532 _mYOG |
||
| 999 |
_c138258 _d138258 |
||